<?xml version="1.0" encoding="UTF-8"?>
<record
    xmlns:xsi="http://www.w3.org/2001/XMLSchema-instance"
    xsi:schemaLocation="http://www.loc.gov/MARC21/slim http://www.loc.gov/standards/marcxml/schema/MARC21slim.xsd"
    xmlns="http://www.loc.gov/MARC21/slim">

  <leader>00885nam a2200229 a 4500</leader>
  <controlfield tag="001">5622</controlfield>
  <controlfield tag="003">CDMR</controlfield>
  <controlfield tag="005">20131121141403.0</controlfield>
  <controlfield tag="008">130130s1965||||||||||||||||||||||||||||d</controlfield>
  <datafield tag="040" ind1=" " ind2=" ">
    <subfield code="a">CDMR</subfield>
    <subfield code="b">cat</subfield>
    <subfield code="c">CDMR</subfield>
  </datafield>
  <datafield tag="245" ind1=" " ind2="4">
    <subfield code="a">The practice of journalism</subfield>
  </datafield>
  <datafield tag="260" ind1=" " ind2=" ">
    <subfield code="a">London</subfield>
    <subfield code="c">1965</subfield>
    <subfield code="b">William Heinemann</subfield>
  </datafield>
  <datafield tag="300" ind1=" " ind2=" ">
    <subfield code="a">351 p.</subfield>
  </datafield>
  <datafield tag="500" ind1=" " ind2=" ">
    <subfield code="a">Contribuidors: David Cole, Maurice Fagence, Harold Evans, Dr Syntax, Leonard C.J. McNAE, E.A.Harwood, L.J. DICKER, Norman K. Moran, Ronald C. Stevens, Allen Hutt, Alan Lloyd, John Broxholme, Ray Colley, Peter Williams</subfield>
  </datafield>
  <datafield tag="650" ind1="0" ind2="4">
    <subfield code="9">4374</subfield>
    <subfield code="a">Periodisme</subfield>
    <subfield code="x">Manuals, guies, etc</subfield>
  </datafield>
  <datafield tag="650" ind1="0" ind2="4">
    <subfield code="9">3782</subfield>
    <subfield code="a">Periodistes</subfield>
    <subfield code="x">Pr&#xE0;ctica professional</subfield>
  </datafield>
  <datafield tag="700" ind1="1" ind2=" ">
    <subfield code="9">4272</subfield>
    <subfield code="a">George Viner</subfield>
    <subfield code="e">ed.</subfield>
  </datafield>
  <datafield tag="700" ind1="1" ind2=" ">
    <subfield code="9">4271</subfield>
    <subfield code="a">John Dodge</subfield>
    <subfield code="e">ed.</subfield>
  </datafield>
  <datafield tag="710" ind1="2" ind2=" ">
    <subfield code="9">4270</subfield>
    <subfield code="a">National Union of Journalist</subfield>
  </datafield>
  <datafield tag="710" ind1="2" ind2=" ">
    <subfield code="9">4269</subfield>
    <subfield code="a">National Council fot the Training of Journalist</subfield>
  </datafield>
  <datafield tag="942" ind1=" " ind2=" ">
    <subfield code="c">MON</subfield>
    <subfield code="2">udc</subfield>
  </datafield>
  <datafield tag="999" ind1=" " ind2=" ">
    <subfield code="c">5622</subfield>
    <subfield code="d">5622</subfield>
  </datafield>
  <datafield tag="952" ind1=" " ind2=" ">
    <subfield code="0">0</subfield>
    <subfield code="1">0</subfield>
    <subfield code="4">0</subfield>
    <subfield code="7">0</subfield>
    <subfield code="a">CDMR</subfield>
    <subfield code="b">CDMR</subfield>
    <subfield code="d">2013-11-06</subfield>
    <subfield code="l">0</subfield>
    <subfield code="o">Da 1/3</subfield>
    <subfield code="p">CDMR13119414</subfield>
    <subfield code="r">2013-11-06</subfield>
    <subfield code="w">2013-11-06</subfield>
    <subfield code="y">MON</subfield>
  </datafield>
</record>
